| 000 | 01621nam a2200385Ia 4500 | ||
|---|---|---|---|
| 003 | CO-CtgCURN | ||
| 005 | 20250822155456.0 | ||
| 008 | 191115s2006 xx g 000 0 spa d | ||
| 020 | _a9583397083 | ||
| 040 |
_aCO-CtgCURN _bspa _ccoctgcurn |
||
| 082 |
_aCo863.44 _bP982 |
||
| 245 | 0 |
_aPulpo y arena : _bselección de cuentos / _ceditora., Zoila Sotomayor; autores., José Luis Campanari [y otros diez, etc...] |
|
| 260 |
_aBarranquilla, Atlántico : _bFundación Luneta 50 _c2006 |
||
| 300 |
_a66 páginas ; _c20 centímetros |
||
| 500 | _aIncluye índice | ||
| 505 | _aEl camarón encantado -- Dos hombres -- Una boda por todo lo alto -- Ánimas en pena -- Pulpo y arena -- La excusa -- Espejos -- Mis primeros hijos -- Aquella inolvidable procesión -- Ruega por nosotros -- Aristóbulo, el vaquero | ||
| 521 | _aAREA BASICA | ||
| 586 | _a9° Festival Internacional de Cuenteros: el Caribe cuenta | ||
| 590 | _aTodos los programas académicos | ||
| 650 |
_aCuentos colombianos _92694 |
||
| 700 |
_aSotomayor, Zoila _eeditora _92695 |
||
| 700 |
_aCampanari, José Luis _eautor |
||
| 700 |
_aPazó, Candido _eautor |
||
| 700 |
_aPrieto, Benita _eautora |
||
| 700 |
_aZambrano, Raimundo _eautor |
||
| 700 |
_aUrquía, Mérida _eautora |
||
| 700 |
_aDiaz, Alexander _eautor |
||
| 700 |
_aPachón, Carlos _eautor |
||
| 700 |
_aMorón, William _eautor |
||
| 700 |
_aRambauth, Felipe _eautor |
||
| 700 |
_aEsparza, Ruth _eautora |
||
| 700 |
_aAngulo, Felipe Fernando _eautor |
||
| 942 |
_cBK _hCo863.44 _iP982 _2ddc _n0 |
||
| 999 |
_c30626 _d30626 |
||